MARC

LEADER 00000nam0a2200000 4500
001 193337
005 20231031181850.0
035 |a (RuTPU)RU\TPU\book\210854 
090 |a 193337 
100 |a 20110322d1974 k y0rusy50 ca 
101 0 |a rus 
102 |a RU 
105 |a a z 000zy 
200 1 |a Эстафета космических стартов  |e сборник  |e специальный выпуск 
210 |a Москва  |c Известия  |d 1974 
215 |a 112 с.  |c ил. 
610 1 |a космонавтика 
610 1 |a история 
610 1 |a 20 век 
610 1 |a СССР 
610 1 |a Россия 
610 1 |a летчики-космонавты 
610 1 |a Союз-13 
610 1 |a орбитальная обсерватория 
610 1 |a Марс 
610 1 |a марсианская экспедиция 
675 |a 629.78  |v 3 
801 1 |a RU  |b 63413507  |c 20110322 
801 2 |a RU  |b 63413507  |c 20160407  |g RCR 
942 |c BK